| 000 | 00374 a2200145 4500 | ||
|---|---|---|---|
| 005 | 20250612104934.0 | ||
| 020 | _a978 1 78643 568 2 | ||
| 082 | _a380.5 BUT | ||
| 100 | _aBUTTON, K. | ||
| 245 | _aTransport Economic | ||
| 250 | _a4th Ed. | ||
| 260 |
_aCheltenham, _bEdwardb Elgar , _c2022. |
||
| 300 |
_axiv, 574p.: Ill.; figures & table. _bIndex _c24cm. |
||
| 942 |
_2ddc _cBKS |
||
| 999 |
_c3840 _d3840 |
||